[Event "XXXII Torneo A di Capodanno"]
[Site "Reggio nell'Emilia ITA"]
[Date "1990.01.01"]
[Round "5"]
[White "De Firmian, Nick E."]
[Black "Gurevich, Mikhail N."]
[WhiteElo "2585"]
[BlackElo "2640"]
[Result "1/2-1/2"]
[PlyCount "31"]
[EventDate "1989.12.28"]

1. e4 d6 2. d4 Nf6 3. Nc3 g6 4. f4 Bg7 5. Nf3 c5 6. Bb5+ Bd7 7. e5 Ng4 8. e6
Bxb5 9. exf7+ Kd7 10. Nxb5 Qa5+ 11. Nc3 cxd4 12. Nxd4 h5 13. h3 Nc6 14. Nde2
Nh6 15. Be3 Nf5 16. Bf2 1/2-1/2